000 00434nam a2200169Ia 4500
008 240729s9999 xx 000 0 und d
022 _a1897-5631
245 0 _aFolia Histochemica et Cytobiologica
260 _aPoland
260 _bVia Medica
650 _a Biology (General)
650 _a Cytology
650 _aScience
856 _uhttps://doaj.org/toc/a569eb7996524f329835acb4da0a1b6e
942 _2ddc
942 _cDOAJEJ
999 _c69640
_d69640
945 _a1
_bMadushi Gamage
_c1
_dMadushi Gamage